Štatistické prognózy vývoja nezamestnanosti na Slovensku. 1

Aplikácia Box-Jenkinsovej metódy analýzy a prognózovania časových radov vývoja nezamestnanosti na Slovensku. Stručná charakteristika metódy. Vyjadrenie pomocou autoregresného modelu.

Na minha lista:
Detalhes bibliográficos
Autor principal: Rublíková, Eva
Outros Autores: Pacáková, Viera
Formato: Capítulo de Livro
Idioma:eslovaco
Assuntos:
Tags: Adicionar Tag
Sem tags, seja o primeiro a adicionar uma tag!

MARC

LEADER 00000naa a2200000 4500
001 r025563
005 20230424121244.3
041 0 |a slo 
044 |a SK 
245 1 0 |a Štatistické prognózy vývoja nezamestnanosti na Slovensku. 1  |c Eva Rublíková, Viera Pacáková 
520 |a Aplikácia Box-Jenkinsovej metódy analýzy a prognózovania časových radov vývoja nezamestnanosti na Slovensku. Stručná charakteristika metódy. Vyjadrenie pomocou autoregresného modelu. 
610 2 0 |a nezamestnanosť 
610 2 0 |a rady časové 
610 2 0 |a analýza štatistická 
610 2 0 |a Slovensko 
100 1 |a Rublíková, Eva 
700 1 |a Pacáková, Viera